Prieskum skrytých kanálov s využitím DNS cache

Salvato in:
Dettagli Bibliografici
Autore principale: Tkáč, Timotej (Autore)
Altri autori: Bernát, Dušan (Relatore della tesi)
Natura: Manoscritto Libro
Lingua:slovacco
Pubblicazione: 2015
Soggetti:
Accesso online:http://is.stuba.sk/zp/portal_zp.pl?podrobnosti=110126
Tags: Aggiungi Tag
Nessun Tag, puoi essere il primo ad aggiungerne!!

MARC

LEADER 00000ntm a22000003a 4500
001 stuzp53651
003 SK-STU
005 20160719154531.0
007 ta
008 150427s2015----xo-----f-mn---000-0-slo-d
040 |a STU  |b slo 
041 0 |a slo 
044 |a xo 
100 1 |a Tkáč, Timotej  |u 070100  |4 aut  |U FIIT Fakulta informatiky a informačných technológií  |T FIIT Ústav počítačových systémov a sietí  |X 5839  |U I100  |Y 178  |7 A000005839 
242 0 1 |a Survey of covert channel via DNS cache  |y eng 
245 1 0 |a Prieskum skrytých kanálov s využitím DNS cache 
260 |c 2015 
300 |a 53 s.  |e CD-ROM 
650 4 |a dns  |2 slo 
650 4 |a cache  |2 slo 
650 4 |a tunelovanie  |2 slo 
650 4 |a dns  |2 eng 
650 4 |a cache  |2 eng 
650 4 |a tunneling  |2 eng 
700 1 |a Bernát, Dušan  |4 ths  |X 1887  |7 1887 
856 4 |u http://is.stuba.sk/zp/portal_zp.pl?podrobnosti=110126 
996 |b 284ID00004  |c I* DP3/15  |l II680  |s P  |a 0  |w stuzp53651_0001 
SQL |a stuzp53651  |b DDP  |c SLO  |d Prieskum skrytých kanálov s využitím DNS cache  |e 5839  |f Tkáč, Timotej  |g 070100  |h 1887  |i Bernát, Dušan  |j 20150610  |k 662  |l 07  |m http://is.stuba.sk/zp/portal_zp.pl?podrobnosti=110126  |n I-PKSS2  |o 9.2.4. počítačové inžinierstvo